Instrucción al pueblo acerca de los mandamientos / (Record no. 22063)
[ view plain ]
| 000 -LEADER | |
|---|---|
| campo de control de longitud fija | 00762nam a2200217 i 4500 |
| 001 - NÚMERO DE CONTROL | |
| campo de control | 22063 |
| 003 - IDENTIFICADOR DE NÚMERO DE CONTROL | |
| campo de control | ES-MaACL |
| 005 - FECHA Y HORA DE LA ÚLTIMA TRANSACCIÓN | |
| campo de control | 20230906152613.0 |
| 007 - CAMPO FIJO DE DESCRIPCIÓN FÍSICA--INFORMACIÓN GENERAL | |
| campo de control de longitud fija | t| |
| 008 - DATOS DE LONGITUD FIJA--INFORMACIÓN GENERAL | |
| campo de control de longitud fija | 021129s1955 sp ||||1| spa d |
| 100 1# - ENTRADA PRINCIPAL--NOMBRE DE PERSONA | |
| Nombre de persona | Alfonso María de Ligorio |
| Títulos y otros términos asociados al nombre | Santo. |
| 9 (RLIN) | 19867 |
| 245 10 - MENCIÓN DEL TÍTULO | |
| Título | Instrucción al pueblo acerca de los mandamientos / |
| Mención de responsabilidad, etc. | San Alfonso María de Ligorio ; traducida del original italiano, arreglada y anotada por N. Moriones. |
| 260 ## - PUBLICACIÓN, DISTRIBUCIÓN, ETC. | |
| Lugar de publicación, distribución, etc. | Madrid : |
| Nombre del editor, distribuidor, etc. | Perpetuo Socorro, |
| Fecha de publicación, distribución, etc. | 1955 ( |
| Fabricante | Soler) |
| 300 ## - DESCRIPCIÓN FÍSICA | |
| Extensión | 559 p. ; |
| Dimensiones | 16 cm. |
| 490 1# - MENCIÓN DE SERIE | |
| Mención de serie | Colección Alfonsiana |
| 700 1# - ENTRADA AGREGADA--NOMBRE PERSONAL | |
| Nombre de persona | Moriones, Nicanor. |
| 9 (RLIN) | 83576 |
| 830 0# - PUNTO DE ACCESO ADICIONAL DE SERIE-TÍTULO UNIFORME | |
| Título uniforme | Colección Alfonsiana |
| 9 (RLIN) | 180785 |
| 852 ## - LOCALIZACIÓN | |
| Ubicación | ES-MaACL |
| Número de control de estantería | C-10809 |
| Sublocalización o colección | R.38457 |
| 852 ## - LOCALIZACIÓN | |
| Ubicación | ES-MaACL |
| Número de control de estantería | C-13538 |
| Sublocalización o colección | R.39373 |
| Estatus retirado | Estado de pérdida | Estado de daño | No para préstamo | Biblioteca de origen | Biblioteca actual | Ubicación en estantería | Fecha de adquisición | Fuente de adquisición | Total de préstamos | Signatura topográfica completa | Código de barras | Visto por última vez | Precio de reemplazo | Tipo de ítem Koha |
|---|---|---|---|---|---|---|---|---|---|---|---|---|---|---|
| Biblioteca del Ateneo de Madrid | Biblioteca del Ateneo de Madrid | Sala Palomar | 17/01/2008 | C-13538 | 1022677 | 23/02/2023 | 23/02/2023 | Libro impreso | ||||||
| Biblioteca del Ateneo de Madrid | Biblioteca del Ateneo de Madrid | Sala Palomar | 17/01/2008 | C-10809 | 1022676 | 23/02/2023 | 23/02/2023 | Libro impreso |
